Welcome to the Holygrace Academy Library

Please use search bar below to get started

SUGAM HINDI VYAKARAN (Record no. 4224)

MARC details
000 -LEADER
fixed length control field 00255nam a22001217a 4500
082 ## - DEWEY DECIMAL CLASSIFICATION NUMBER
Classification number 474
Item number VYA/S
100 ## - MAIN ENTRY--AUTHOR NAME
Personal name VYAS,RAHUL
245 ## - TITLE STATEMENT
Title SUGAM HINDI VYAKARAN
260 ## - PUBLICATION, DISTRIBUTION, ETC. (IMPRINT)
Place of publication DELHI
Name of publisher SUNRISE PUBLISHER
300 ## - PHYSICAL DESCRIPTION
Number of Pages 144
650 ## - SUBJECT ADDED ENTRY--TOPICAL TERM
Topical Term GRAMMAR
Geographic subdivision DELHI
942 ## - ADDED ENTRY ELEMENTS (KOHA)
Koha item type Books
Holdings
Withdrawn status Lost status Collection code Home library Current library Shelving location Date acquired Source of acquisition Serial Enumeration / chronology Full call number Accession Number Koha item type
    Reference Main Library Main Library   10/10/2022 PURCHASE 95/- 474 VYA/S 12721 Books